Regionálne rozvojové agentúry a ich úloha v regionálnom rozvoji bakalárska práca

Salvato in:
Dettagli Bibliografici
Autore principale: Jamrich, Tomáš
Ente Autore: Národohospodárska fakulta EU. Katedra verejnej správy a regionálneho rozvoja
Altri autori: Štofko, Michal
Natura: Libro
Lingua:slovacco
Pubblicazione: Bratislava 2010
Tags: Aggiungi Tag
Nessun Tag, puoi essere il primo ad aggiungerne!!

MARC

LEADER 00000nam$a2200000$$$4500
001 0128992
005 20160627120500.0
041 0 |a slo 
044 |a SK 
245 1 0 |a Regionálne rozvojové agentúry a ich úloha v regionálnom rozvoji  |b bakalárska práca  |c Tomáš Jamrich ; škol. Michal Štofko 
264 1 |a Bratislava  |c 2010 
300 |a 49 s. 
100 1 |a Jamrich, Tomáš 
700 1 |a Štofko, Michal 
710 2 |a Národohospodárska fakulta EU. Katedra verejnej správy a regionálneho rozvoja